Регионална библиотека "Любен Каравелов" - Русе

Богоборците (Запис номер 102353)

MARC детайли
000 -Лидер
Контролно поле с фиксирана дължина 02144nam a2200469 c 4500
003 - Код на организацията, давaща контролен номер
Контролно поле BLK
005 - Дата и час на последна редакция
Контролно поле 20221110143111.0
008 - Елементи от данни с фиксирана дължина
fixed length control field 180409b bul|||||r ||||||| ||bul||
010 ## - Наследен системен номер
LC control number KNG00107418000
040 ## - Източник на каталожния запис
Идентификатор на билиотеката - собственик на записа BLK
041 ## - Код за език
Код за езика на текст/звукозапис или на отделно заглавие Български
Код за езика КДБФ Български
080 ## - УДК
Текстов определител УДК Християнска религия
УДК код - определител по УДК 23/28
УДК определител
УДК - код + определител 23/28
080 ## - УДК
Текстов определител УДК Еврейска религия. Юдаизъм-Тора, пророци, Писания(Танах(Тенак)или Библия). Талмуд, Мидраш, Зоар(Устния закон). Секти(самаряни, фарисеи, садукеи, есейски и кумрански общини, прозелити. Халак
УДК код - определител по УДК 26
УДК определител
УДК - код + определител 26
080 ## - УДК
Текстов определител УДК Организации, асоциации, движения със специални цели и/или области на дейност. Професионални асоциации(Ку-клукс-клан, масони, окултни движения, орден на тамплиерите).
УДК код - определител по УДК 061.23
УДК определител
УДК - код + определител 061.23
100 1# - Редна дума - Автор
Автор Господинова, Мълвина
Авторска отговорност първи автор
R(LIN) 309173
139 ## - Редно поле
Редна дума Господинова, Мълвина
Авторски знак Гос - Г 70
245 10 - Сведения за заглавието
Заглавие Богоборците
Редно поле (дума) Мълвина Господинова.
257 ## - Страна на издаване
Страна на създаване/издаване България
260 ## - Област на издателските данни
-- София
Име на издателя, разпространителя и проч. Бумеранг
Година на издаване 2003
Печатница София : Инвестпрес
300 ## - Физическа характеристика
Страници 255 с.
Илюстрации и др. с ил.
Размери/Мащаб 20 см
380 ## - Жанр
Жанр Религия. Теология
490 1# - СЕРИИ (Колекции)
Име на серия Волен Сидеров представя
500 ## - Общи забележки
Забележка Офс. изд. - 1 500 тир. - Библиогр. с. 250-252.
504 ## - Забележка за наличие на библиография и др
Забележка за наличие на библиография и под. 250-252
650 #4 - Допълнително описание по предмет – тема
Основно описание – тема или топоним Християнство и суеверия
9 (RLIN) 279700
650 #4 - Допълнително описание по предмет – тема
Основно описание – тема или топоним Евреи - религия
9 (RLIN) 271243
650 #4 - Допълнително описание по предмет – тема
Основно описание – тема или топоним Масонство
9 (RLIN) 161281
650 #4 - Допълнително описание по предмет – тема
Основно описание – тема или топоним Атеизъм
9 (RLIN) 147816
650 #4 - Допълнително описание по предмет – тема
Основно описание – тема или топоним Ереси
9 (RLIN) 154994
653 ## - Ключова дума – ненормативна
Ключова дума християнство
653 ## - Ключова дума – ненормативна
Ключова дума религии
653 ## - Ключова дума – ненормативна
Ключова дума суеверия
653 ## - Ключова дума – ненормативна
Ключова дума атеизъм
653 ## - Ключова дума – ненормативна
Ключова дума ереси
653 ## - Ключова дума – ненормативна
Ключова дума масонство
653 ## - Ключова дума – ненормативна
Ключова дума евреи
852 ## - Местоположение
Форматна сигнатура Цб 215682
856 4# - Електронен адрес и достъп
Електронен формат pdf - файл
Път до файла /url/
856 4# - Електронен адрес и достъп
Електронен формат pdf - файл
Път до файла /url/
942 ## - АРТИКУЛИ
Вид на библиотечния материал Книги
Скрит в OPAC Не
Koha issues (borrowed), all copies 1
944 ## - СЪЗДАВАНЕ И РЕДАКЦИЯ на ЗАПИСА
Създаване/Редакция Създаване
Дата на регистрацията/редакция 04.08.2003
Служител, извършил регистрацията/редакцията Людмила_Стоянова
944 ## - СЪЗДАВАНЕ И РЕДАКЦИЯ на ЗАПИСА
Създаване/Редакция Редакция
Дата на регистрацията/редакция 12.04.2005
Служител, извършил регистрацията/редакцията
999 ## - СИСТЕМНИ КОНТРОЛНИ НОМЕРА
Koha biblionumber 102353
Koha biblioitemnumber 102353
Наличности
Код за отписване Код за изгубен артикул Код за повреда Коз за рестрикции Код за отдаване Артикулен № Име на библиотеката - собственик Име на библиотеката, в която се намира в момента Статус (Текущо местоположение) Дата на вписване в системата Местоположение - отдел Цена в лева Инвентарен номер Систематично азбучна сигнатура Баркод Номер на екземпляра Цена в евро Служебна бележка Служебен тип на артикула
  Не е изгубен Не е повреден без рестрикции заемане за дома 165333 Регионална библиотека "Любен Каравелов" Русе Регионална библиотека "Любен Каравелов" Русе Заемна - подръчен фонд 2003-08-04 Заемна - подръчен фонд 7.00 120000678100 П 23/28/Г 70 120000678100 1 3.58 Дост: Pk Вид: Ф N: 24 Дата: 04.08.2003 Дата инв: 02.02.2018 Бележки инв: П2018 Книги
  Не е изгубен Не е повреден без рестрикции ползва се в читалня 165334 Регионална библиотека "Любен Каравелов" Русе Регионална библиотека "Любен Каравелов" Русе Хранилище 2005-04-07 Хранилище 7.00 120000693010 Цб 215682 120000693010 2 3.58 Дост: Dp Вид: Д N: 23 Дата: 27.05.2004 Книги
Vip Innovations Ltd, Rousse, Bulgaria 2025